Complete the film title (Meryl Streep) - Statistics

General Stats
  • This quiz has been taken 104 times
  • The average score is 13 of 15
Answer Stats
Film Title % Correct
Mamma {Mia}!
100%
The Devil Wears {Prada}
99%
Mamma Mia! Here We Go {Again}
98%
Sophie's {Choice}
95%
Kramer vs. {Kramer}
93%
Julie & {Julia}
91%
The Iron {Lady}
90%
Out of {Africa}
89%
The Deer {Hunter}
86%
The Bridges of Madison {County}
84%
Into the {Woods}
72%
Little {Women}
68%
Mary Poppins {Returns}
68%
The French Lieutenant's {Woman}
68%
Florence Foster {Jenkins}
66%
No matching quizzes found
Score Distribution
Percent of People with Each Score
Percentile by Number Answered
Your Score History
You have not taken this quiz